000 01259cab a2200433 4500
001 ABS53034
008 090401t1995 xxu||||| |||| 00| 0 eng d
035 _a(Sirsi) u1457
041 _aeng
245 _aPublic sector review
260 _c1995
300 _aLOAN
350 _a0
490 _aEstates Times
_vPublic Sector Review 9 June 1995
520 _aIncludes articles on competitive tendering, the Private Finance Initiative, the Single Regeneration Budget, urban regeneration and City Challenge.
650 _aASSET MANAGEMENT
650 _aAuctioneering
_96218
650 _aCCT
650 _aCHURCH COMMISSIONERS
650 _aCITY CHALLENGE
650 _aCOMPETITIVE TENDERING
650 _aCOMPULSORY COMPETITIVE TENDERING
650 _aENGLISH PARTNERSHIPS
650 _aFURTHER EDUCATION
650 _aLOCAL AUTHORITIES
650 _aMOD
650 _aNATIONAL HEALTH SERVICE
650 _aNHS TRUSTS
650 _aPLANNING
650 _aPFI
650 _aPROPERTY MARKET
650 _aSCOTLAND
650 _aSINGLE REGENERATION BUDGET
650 _aURBAN REGENERATION
650 _aW S ATKINS
690 _aPROPERTY-COMMERCIAL PROPERTY-COMMERCIAL PROPERTY MARKET
942 _n0
948 _c04/03/1997
999 _c812
_d812